MARC details
| 000 -LEADER |
| fixed length control field |
01658cam a2200433 i 4500 |
| 001 - CONTROL NUMBER |
| control field |
19179743 |
| 003 - CONTROL NUMBER IDENTIFIER |
| control field |
BDDh-ASL |
| 005 - DATE AND TIME OF LATEST TRANSACTION |
| control field |
20231015030442.0 |
| 008 - FIXED-LENGTH DATA ELEMENTS--GENERAL INFORMATION |
| fixed length control field |
160614s2015 ii afb b 000 0 eng d |
| 010 ## - LIBRARY OF CONGRESS CONTROL NUMBER |
| LC control number |
2016310872 |
| 020 ## - INTERNATIONAL STANDARD BOOK NUMBER |
| International Standard Book Number |
9789384566029 (paperback) |
| 020 ## - INTERNATIONAL STANDARD BOOK NUMBER |
| International Standard Book Number |
9384566020 (paperback) |
| 025 ## - OVERSEAS ACQUISITION NUMBER |
| Overseas acquisition number |
I-E-2016-310872; 59-91 |
| 035 ## - SYSTEM CONTROL NUMBER |
| System control number |
(OCoLC)ocn951734782 |
| 035 ## - SYSTEM CONTROL NUMBER |
| System control number |
(OCoLC)951734782 |
| 037 ## - SOURCE OF ACQUISITION |
| Source of stock number/acquisition |
Library of Congress -- New Delhi Overseas Office |
| 040 ## - CATALOGING SOURCE |
| Original cataloging agency |
DKAGE |
| Language of cataloging |
eng |
| Description conventions |
rda |
| Transcribing agency |
DKAGE |
| Modifying agency |
OCLCO |
| -- |
OCLCF |
| -- |
DLC |
| -- |
BDDh-ASL |
| 042 ## - AUTHENTICATION CODE |
| Authentication code |
lccopycat |
| -- |
lcode |
| 043 ## - GEOGRAPHIC AREA CODE |
| Geographic area code |
as----- |
| -- |
a-bg--- |
| 050 00 - LIBRARY OF CONGRESS CALL NUMBER |
| Classification number |
DS525.9.B3 |
| Item number |
G46 2015 |
| 082 04 - DEWEY DECIMAL CLASSIFICATION NUMBER |
| Classification number |
327.5492 |
| Edition number |
23 |
| Item number |
GHE |
| 100 1# - MAIN ENTRY--PERSONAL NAME |
| Personal name |
Ghosh, Suchandra, |
| Relator term |
author. |
| 245 10 - TITLE STATEMENT |
| Title |
Exploring connectivity : |
| Remainder of title |
Southeastern Bengal and beyond / |
| Statement of responsibility, etc. |
Suchandra Ghosh. |
| 250 ## - EDITION STATEMENT |
| Edition statement |
First edition. |
| 264 #1 - PRODUCTION, PUBLICATION, DISTRIBUTION, MANUFACTURE, AND COPYRIGHT NOTICE |
| Place of production, publication, distribution, manufacture |
Kolkata : |
| Name of producer, publisher, distributor, manufacturer |
Institute of Social and Cultural Studies, |
| Date of production, publication, distribution, manufacture, or copyright notice |
2015. |
| 300 ## - PHYSICAL DESCRIPTION |
| Extent |
59 pages, 12 unnumbered pages of plates : |
| Other physical details |
illustrations (black and white) ; |
| Dimensions |
21 cm + |
| Accompanying material |
2 folded maps |
| 336 ## - CONTENT TYPE |
| Content type term |
text |
| Content type code |
txt |
| Source |
rdacontent |
| 337 ## - MEDIA TYPE |
| Media type term |
unmediated |
| Media type code |
n |
| Source |
rdamedia |
| 338 ## - CARRIER TYPE |
| Carrier type term |
volume |
| Carrier type code |
nc |
| Source |
rdacarrier |
| 500 ## - GENERAL NOTE |
| General note |
Two folded maps pocket inside back cover. |
| 504 ## - BIBLIOGRAPHY, ETC. NOTE |
| Bibliography, etc. note |
Includes bibliographical references (pages 52-59). |
| 650 #0 - SUBJECT ADDED ENTRY--TOPICAL TERM |
| Topical term or geographic name entry element |
Arts |
| Geographic subdivision |
Bangladesh. |
| 651 #0 - SUBJECT ADDED ENTRY--GEOGRAPHIC NAME |
| Geographic name |
Southeast Asia |
| General subdivision |
Relations |
| Geographic subdivision |
Bangladesh. |
| 651 #0 - SUBJECT ADDED ENTRY--GEOGRAPHIC NAME |
| Geographic name |
Bangladesh |
| General subdivision |
Relations |
| Geographic subdivision |
Southeast Asia. |
| 710 2# - ADDED ENTRY--CORPORATE NAME |
| Corporate name or jurisdiction name as entry element |
Institute of Social and Cultural Studies (Kolkata, India), |
| Relator term |
publisher, |
| -- |
copyright holder. |
| 906 ## - LOCAL DATA ELEMENT F, LDF (RLIN) |
| a |
7 |
| b |
cbc |
| c |
copycat |
| d |
3 |
| e |
ncip |
| f |
20 |
| g |
y-gencatlg |
| 942 ## - ADDED ENTRY ELEMENTS (KOHA) |
| Source of classification or shelving scheme |
Dewey Decimal Classification |
| Koha item type |
Books |